00719nam a2200157Ia 4500999001700000041001200017082001200029100006700041245016400108260006600272300000900338650003700347650002400384942001200408952014100420 c27033d27033 aEnglish aRP.0335 aPratap, DineshuDepartment of Geography, D.A.V. (P.G.) College 0aClimate variability/change and community's adaptation and coping strategies :ba study of Chakrata (Jaunsar-Bawar) tribal area of Uttarakhand / cDinesh Pratap aNew Delhi :bIndian Council of Social Science Research,c2017 a136p a Tribal areazIndiazUttarakhand aClimate variability 2ddccRP 00102ddc40718IRPaNASSDOCbNASSDOCd2021-11-16eGifted by: RP Division ICSSRl0oRP.0335p51665r2021-12-14 00:00:00w2021-12-14yRP